[Event "Shiraz Farvardin op"]
[Site "Shiraz"]
[Date "2018.04.11"]
[Round "1"]
[White "Gholami Orimi, Mahdi"]
[Black "Bazrafshan, Amirhossein"]
[Result "1-0"]
[WhiteElo "2300"]
[BlackElo "1407"]
[PlyCount "53"]
[EventDate "2018.04.11"]
[EventType "swiss"]
[EventRounds "11"]
[EventCountry "IRI"]
[SourceTitle "CBM 187 Extra"]
[Source "ChessBase"]
[SourceDate "2018.11.04"]
[SourceVersion "1"]
[SourceVersionDate "2018.11.04"]
[SourceQuality "1"]

1. d4 Nf6 2. c4 g6 3. Nc3 Bg7 4. g3 0-0 5. Bg2 c6 6. e4 d6 7. h3 Na6 8. Nf3 c5 9. d5 Bd7 10. 0-0 Nc7 11. a4 Qc8 12. Kh2 Nfe8 13. Re1 e6 14. dxe6 Bxe6 15. Qb3 Rb8 16. Bf4 Na6 17. Nb5 Nb4 18. Nxa7 Qd7 19. Rad1 f5 20. Ng5 fxe4 21. Nb5 Rd8 22. Nxe4 Rxf4 23. gxf4 Qf7 24. Nexd6 Nxd6 25. Nxd6 Qxf4+ 26. Qg3 Qf8 27. Rxe6 1-0